00369nam a22001217a 4500008004100000100001400041245009200055260000900147300001500156650003100171650001400202773003100216190811b ||||| |||| 00| 0 eng d aBiard, A. aImpact of directive 2013/11/EU on consumer ADR quality: evidence from France and the UK c2019 ap.109-147. aConsumers - United Kingdom aOmbudsman aJournal of Consumer Policy